000 00504cam a2200181 4500
001 ABS61189
008 000000n1999 000 0 eng u
035 _a(Sirsi) u101781
100 _aPalmer, J.
245 _aFire spread in high-rise offices.
260 _c1999
490 _aBuilding Services Journal
_v21(9) September 1999, 53-54(2)
650 _aFIRE PREVENTION
650 _aFIRE SPREAD
650 _aMULTI STOREY BUILDINGS
690 _aBUILT ENVIRONMENT-BUILDING INSPECTION
942 _n0
999 _c60894
_d60894